zgadnij logo piłkarskie - Statystyki

Ogólne statystyki
  • Ten quiz został rozwiązany 309 razy
    262 od ostatniego zresetowania
  • Średni wynik to 12 z 16
Statystyki odpowiedzi
Obrazkowy Odpowiedź % Poprawnych
ac milan
97%
fc barcelona
97%
juventus
95%
real madryt
95%
legia warszawa
92%
inter mediolan
88%
polska
79%
fc porto
78%
atletico madryt
75%
premier league
73%
benfica
70%
serie a
70%
wolfsburg
66%
grecja
65%
cadiz
53%
granada
48%
Nie znaleziono quizów pasujących do podanych kryteriów
Rozkład punktacji
Procent ludzi z każdym wynikiem
Percentyl według liczby udzielonych odpowiedzi
Twoja historia wyników
Nie rozwiązałeś tego quizu od ostatniego zresetowania